1149 1516 1953 1230 1711 1903 1138 1286 1050 1563 1530 1683 1427 1266 1465 1234 1934 1999 1509 1835 1297 1950 1511 1886 1850 1770 1235 1970 1007 1389 1796 1086 1373 1616 1314 1101 1188 1047 1286 1259 1381 1516 1482 1278 1721 1962 1290 1246 1133 1546 1313 1058 1699 1199 1038 1121 1488 1035 1121 1459 1981 1359 1469 1935 1468 1049 1127 1282 1213 1812 1941 1671 1570 1399 1019 1534 1279 1270 1498 1350 1685 1747 1507 1639 1511 1973 1383 1881 1349 1644 1137 1368 1070 1164 1843 1533 1914 1341 1308 BCNSPRNW ULIB Ver.6.0+V

เปลี่ยนเป็นภาษาไทย

Change to English
 แสดงรายละเอียดบรรณานุกรม
  กลับหน้าหลัก

Brief Record : Get Marc (ISO 2709) : E-mail record : QR code < ปิดหน้าต่าง
LEADER : 00000nam 2200000uu 4500
001    13399120437
003     ULIB
008    120920s2547||||th 000 0 tha d
020    ^a9789746563802
060 04 ^aWB115^bส731อ ล.2 2547
245 00 ^aอายุรศาสตร์ประยุกต์^nเล่ม 2 /^cสิริ เชี่ยวชาญวิทย์,ชัยยุทธ เจริญธรรม, เกษตร ฉิมพลี, บรรณาธิการ
250    ^aพิมพ์ครั้งที่ 1
260    ^aเชียงใหม่ :^bภาควิชาอายุรศาสตร์ คณะแพทยศาสตร์มหาวิทยาลัยเชียงใหม่,^c2547
300    ^a277, [3] หน้า :^bภาพประกอบ ;^c27 ซม.
650  7 ^aอายุรศาสตร์
650  7 ^aอายุรศาสตร์^vรวมเรื่อง
700 0  ^aสิริ เชี่ยวชาญวิทย์,^eบรรณาธิการ
700 0  ^aชัยยุทธ เจริญธรรม,^eบรรณาธิการ
700 0  ^aเกษตร ฉิมพลี,^eบรรณาธิการ
710 2  ^aมหาวิทยาลัยเชียงใหม่. ^bภาควิชาอายุรศาสตร์
945    ^p0^l0^i24668
945    ^p0^l0^i24669
995    ^aกัณชพร
999 ^a ใช้งานได้ทุกระบบ
รายการนี้ยังไม่มีแท็ก
คุณยังไม่ได้ล็อกอิน คุณสามารถมีกิจกรรมร่วมกับเว็บไซต์ได้ แต่ต้องล็อกอินก่อน ::
  ล็อกอิน

รายการสื่อสารสนเทศ

ลำดับที่ ประเภท เลขเรียก/บาร์โค้ด สถานที่ สถานะ
1. วิทยาศาสตร์การแพทย์ และสุขภาพ
วิทยาศาสตร์การแพทย์ และสุขภาพ
WB115 ส731อ ล.2 2547  
  Barcode: 24668
ห้องสมุดวิทยาเขตสวรรค์ประชารักษ์
►หนังสือทั่วไป
บนชั้น
2. วิทยาศาสตร์การแพทย์ และสุขภาพ
วิทยาศาสตร์การแพทย์ และสุขภาพ
WB115 ส731อ ล.2 2547 ฉ.2 
  Barcode: 24669
ห้องสมุดวิทยาเขตสวรรค์ประชารักษ์
►หนังสือทั่วไป
บนชั้น

รายการใกล้เคียง
    หัวเรื่อง [อายุรศาสตร์]

BibComment


ยังไม่เคยถูกคอมเมนท์

คอมเมนท์ทรัพยากรรายการนี้
  คอมเมนท์: อายุรศาสตร์ประยุ..


 Copyright 2026. Bcnsprnw @Library